Processo tributr̀io analt̕ico Volume III

Bibliographic Details
Main Author: Conrado, Paulo Cesar
Format: eBook
Language:Portuguese
Published: San Pablo: Editora Noeses, 2016
Subjects:
Online Access:Acceso restringido

MARC

LEADER 00000nam a22000007a 4500
005 20210802233151.0
007 cr|||| |||
008 210802s2016 br |||||s|||| 00||0 por d
020 |a 978-85-8310-075-1 
035 |a 34794 
040 |a vLex 
090 |c 11875  |d 11875 
100 1 |a Conrado, Paulo Cesar 
245 1 0 |a Processo tributr̀io analt̕ico  |h [Recurso electrn̤ico] /  |c Paulo Cesar Conrado  |n Volume III 
256 |a Servicio en ln̕ea 
260 |a San Pablo:  |b Editora Noeses,  |c 2016 
300 |a 1 recurso electrn̤ico 
500 |a Neste terceiro volume sô abordados os seguintes temas do processo tributr̀io, de acordo com o CPC/2015: legitimidade ativa na aȯ̂ de repetiȯ̂ de indb̌ito tributr̀io, cumprimento de sentenȧ e a nova hipt̤ese de aȯ̂ rescisr̤ia; coisa julgada em mandado de seguranȧ coletivo sobre matřia tributr̀ia; precedentes em matřia tributr̀ia no novo CPC; compensaȯ̂ tributr̀ia; aė̳s antiexacionais do contribuinte; tutela provisr̤ia cautelar e de evidn̊cia; a estabilizaȯ̂ da tutela provisr̤ia no processo tributr̀io; garantia, penhora e suspensô da exigibilidade do crďito tributr̀io; efeitos dos embargos ̉execuȯ̂ fiscal e recursos repetitivos no ḿbito do CARF. 
506 1 |a Disponible solo en los productos indicados  |d vLex Global  |d vLex Global (Academic Edition, excluding Law Schools)  |d vLex Global (U.S. Academic Edition, Law Schools)  |d vLex Global (U.S. Academic Edition, excluding Law Schools)  |d vLex Global (Academic Edition, Law Schools) 
650 0 4 |a Derecho Tributario  |z Brasil 
740 0 |a vLex Libros (Servicio en ln̕ea) 
856 4 0 |u https://app.vlex.com/#/sources/34794  |z Acceso restringido 
942 |c BOOK 
999 0 |a Tax Law